000 01047nam a2200265 a 4500
001 000043749
005 20250113131851.0
008 140422s1994 wau 001 0 spa d
040 _aDO-SdBNP
_bspa
_cBNPHU
082 _a341.245
_bO68s
110 2 _aOrganización de los Estados Americanos
_bConsejo Permanente
_971577
245 1 0 _aSíntesis de las decisiones tomadas en las sesiones y textos de las resoluciones y declaraciones aprobadas.
260 _aWashington :
_bOEA,
_c1994.
300 _a193p. ;
_c27 cm.
490 1 _a[OEA documentos oficiales] ;
_vOEA/Ser.G
500 _aIncluye índice analítico
500 _aLa biblioteca posee el v. 57
610 2 0 _aOrganización de los Estados Americanos
_917918
651 4 _aAmérica
_xCondiciones Económicas
_9868
651 4 _aAmérica
_xCondiciones Sociales
_971578
651 4 _aAmérica
_xCondiciones Políticas
_971579
651 4 _aAmérica
_xPolítica Económica
_971580
830 0 _a[OEA documentos oficiales] ;
_nOEA/Ser.G
_971581
910 _aValidado. Control de calidad MFF
999 _c43238
_d43238